00903nab a22001817a 4500003000400000005001700004008004100021040000700062100002200069245013000091300001500221505023700236505007200473650002300545650003000568700002000598773010300618OSt20260106204519.0190514b xxu||||| |||| 00| 0 spa d cPJ aLima, Natacha S. 13aConsideraciones sobre el doble estándar en los procesos de gestación por sustitución /cNatacha S. Lima, Lucía Ariza. ap. 131-138 aSumario: I. Introducción.— II. Moverse hacia Buenos Aires: “la meca” de la gestación por sustitución.— III. Mater semper certa est.— IV. ¿La solidaridad como respuesta a la no regulación?— V. Palabras de cierre. tSi te interesa el texto, comunicate a koha@justierradelfuego.gov.ar 0aDERECHO DE FAMILIA 0aGESTACION POR SUSTITUCION aAriza, Lucía 0 02844dBuenos Aires : AbeledoPerrot, 1989-tDerecho de familia. N° 116 - Septiembre 2024z18511201